Statistiques concernant Drapeaux du monde

Cliquez ici pour prendre le quiz!

Statistiques générales

  • Ce quiz a été pris 96 fois
  • Le résultat moyen est 14 sur 20

Statistiques - réponses

Réponse% Correct
Belgique
98%
Mexique
97%
Ukraine
97%
Croatie
96%
Albanie
94%
Etats-Unis
94%
Sénégal
88%
Viêt Nam
87%
Islande
84%
Hongrie
80%
Népal
80%
Slovaquie
79%
Sri Lanka
75%
Laos
74%
Philippines
65%
Bahamas
46%
Guinée-Bissau / Bissau
36%
Malawi
36%
Groenland
26%
Iles Caimans / Caimans
7%

Distribution des résultats

Percentile par nombre de réponses

% des personnes avec chaque résultat

Votre développement - résultats

Vous n’avez pas pris ce quiz